PRINCIPLES OF FREQUENCY MODULATIONS APPLICATIONS IN RADIO TRNSMITTERS AND RECIVERS AND RADAR (Record no. 585376)

000 -LEADER
fixed length control field 00314nam a22001097a 4500
082 ## - DEWEY DECIMAL CLASSIFICATION NUMBER
Classification number 621.3815363 CAM'P
100 ## - MAIN ENTRY--PERSONAL NAME
Personal name CAMIES, B. S
9 (RLIN) 80445
245 ## - TITLE STATEMENT
Title PRINCIPLES OF FREQUENCY MODULATIONS APPLICATIONS IN RADIO TRNSMITTERS AND RECIVERS AND RADAR
260 ## - PUBLICATION, DISTRIBUTION, ETC.
Place of publication, distribution, etc. NEWYORK
Name of publisher, distributor, etc. ILIFFE
Date of publication, distribution, etc. 1959
300 ## - PHYSICAL DESCRIPTION
Extent 147P
942 ## - ADDED ENTRY ELEMENTS (KOHA)
Koha item type Book
Holdings
Withdrawn status Lost status Damaged status Not for loan Permanent Location Current Location Shelving location Date acquired Total Checkouts Full call number Barcode Date last seen Price effective from Koha item type
        College of Electrical & Mechanical Engineering (CEME) College of Electrical & Mechanical Engineering (CEME) General Stacks 07/07/2017   621.3815363 CAM'P CEME-5130 06/28/2021 06/28/2021 Book
© 2023 Central Library, National University of Sciences and Technology. All Rights Reserved.